| 000 | 00759nam a22002057a 4500 | ||
|---|---|---|---|
| 999 |
_c16887 _d16887 |
||
| 003 | AR-CdUCM | ||
| 008 | 190506b ||||| |||| 00| 0 sap d | ||
| 040 |
_aMUNICIPALIDAD PROVINCIAL DEL CUSCO _cBIBLIOTECA MUNICIPAL DEL CUSCO |
||
| 082 |
_a838.96 / _bZ98 _22 ed. |
||
| 100 |
_aZweig, Stefan. _910851 |
||
| 245 |
_aEl mundo de ayer : _bAutobiografía / |
||
| 260 |
_aMéxico : _bDiana, S.A., _c1960. |
||
| 300 |
_a446 páginas ; _c20 cm. |
||
| 505 | _aContenido :El mundo de la seguridad -- La escuela del siglo pasado -- Universitas vitae -- Rodeos en el camino hacia mi mismo .. Retorno a Austria ... | ||
| 650 |
_aMundo. _9597 |
||
| 650 |
_aGlobo terráqueo. _936615 |
||
| 700 |
_aCahn, Alfredo. _95810 |
||
| 942 |
_2ddc _cLIBROS |
||
| 945 |
_arum _d2019-05-06 |
||